[Event "17. Europa ch Juvenil - Masculino s14"]
[Site "Sibenik CRO"]
[Date "2007.09.20"]
[Round "7.22"]
[White "Bertusi, Misel"]
[Black "Nestorovic, Lazar"]
[Result "0-1"]
[WhiteElo "1839"]
[BlackElo "2086"]
[PlyCount "64"]
[EventDate "2007.09.14"]
[EventType "swiss"]
[EventRounds "9"]
[EventCountry "CRO"]
[Source "lmi"]
[SourceDate "2007.09.14"]

1. e4 c5 2. Nf3 e6 3. d4 cxd4 4. Nxd4 d6 5. Nc3 a6 6. Be3 b5 7. a3 Bb7 8. Bd3
Nd7 9. O-O Ngf6 10. f3 Be7 11. Qe1 O-O 12. Rd1 Rc8 13. Qg3 Kh8 14. Kh1 Qc7 15.
Bxb5 axb5 16. Ndxb5 Qb8 17. Nxd6 Nh5 18. Qh3 Bxd6 19. Qxh5 Nf6 20. Qh4 Ba6 21.
Rfe1 Be5 22. f4 Bxc3 23. bxc3 Nxe4 24. Bd4 Bb7 25. Rd3 f6 26. Rh3 h6 27. Qg4 e5
28. Qg6 Qc7 29. Bb6 Qxb6 30. Rxh6+ Kg8 31. Qh7+ Kf7 32. Qg6+ Ke7 0-1

[Event "17. Europa ch Juvenil - Masculino s14"]
[Site "Sibenik CRO"]
[Date "2007.09.21"]
[Round "8.1"]
[White "Sjugirov, Sanan"]
[Black "Swiercz, Dariusz"]
[Result "1-0"]
[WhiteElo "2407"]
[BlackElo "2281"]
[PlyCount "131"]
[EventDate "2007.09.14"]
[EventType "swiss"]
[EventRounds "9"]
[EventCountry "CRO"]
[Source "lmi"]
[SourceDate "2007.09.14"]

1. e4 c5 2. Nf3 d6 3. d4 cxd4 4. Nxd4 Nf6 5. Nc3 a6 6. Bg5 e6 7. f4 Be7 8. Qf3
Qc7 9. O-O-O Nbd7 10. g4 b5 11. Bxf6 Bxf6 12. g5 Bxd4 13. Rxd4 O-O 14. Be2 Bb7
15. Rhd1 Rac8 16. R1d2 Nc5 17. a3 f5 18. gxf6 Rxf6 19. Rxd6 Rcf8 20. Qe3 Rxf4
21. e5 Bf3 22. Bd3 Bg4 23. Kb1 b4 24. axb4 Rxb4 25. Na2 Rbf4 26. Nc1 Rb4 27.
Na2 Ra4 28. Rd4 Rxd4 29. Qxd4 Nxd3 30. Rxd3 Bf5 31. Rd2 Qb7 32. Nc3 Rc8 33. Nd1
Qe4 34. Qd7 Qc6 35. Ne3 Qxd7 36. Rxd7 Rc5 37. Nxf5 exf5 38. e6 Rc8 39. c4 Re8
40. Rd6 f4 41. Kc2 Kf8 42. Rxa6 Ke7 43. Ra7+ Kxe6 44. Rxg7 f3 45. Rg1 Kf5 46.
Rf1 Re2+ 47. Kc3 Ke4 48. c5 f2 49. c6 Kf3 50. b4 Re1 51. Rxf2+ Kxf2 52. Kd4
Rd1+ 53. Ke5 Ke3 54. c7 Rc1 55. Kd6 Rd1+ 56. Kc6 Rc1+ 57. Kb7 Rb1 58. c8=Q
Rxb4+ 59. Ka6 Rh4 60. Qc3+ Ke2 61. Qg3 Rh6+ 62. Kb5 Rg6 63. Qh4 Rg7 64. Kc5
Rc7+ 65. Kd6 Rg7 66. Ke5 1-0

[Event "17. Europa ch Juvenil - Masculino s14"]
[Site "Sibenik CRO"]
[Date "2007.09.21"]
[Round "8.2"]
[White "Pavlidis, Antonios"]
[Black "Baghdasaryan, Vahe"]
[Result "1/2-1/2"]
[WhiteElo "2175"]
[BlackElo "2094"]
[PlyCount "35"]
[EventDate "2007.09.14"]
[EventType "swiss"]
[EventRounds "9"]
[EventCountry "CRO"]
[Source "lmi"]
[SourceDate "2007.09.14"]

1. e4 c5 2. Nf3 e6 3. d4 cxd4 4. Nxd4 Nc6 5. Nc3 a6 6. Be3 Qc7 7. Be2 Nf6 8.
O-O Bb4 9. Nxc6 bxc6 10. Na4 Be7 11. Nb6 Rb8 12. Nxc8 Qxc8 13. Bd4 c5 14. Be5
Rb6 15. Qd3 O-O 16. Rad1 d6 17. Bc3 d5 18. exd5 1/2-1/2

[Event "17. Europa ch Juvenil - Masculino s14"]
[Site "Sibenik CRO"]
[Date "2007.09.21"]
[Round "8.3"]
[White "Zherebukh, Yaroslav"]
[Black "Bogdanovich, Stanislav"]
[Result "1-0"]
[WhiteElo "2418"]
[BlackElo "2217"]
[PlyCount "65"]
[EventDate "2007.09.14"]
[EventType "swiss"]
[EventRounds "9"]
[EventCountry "CRO"]
[Source "lmi"]
[SourceDate "2007.09.14"]

1. e4 c5 2. Nf3 Nc6 3. d4 cxd4 4. Nxd4 Nf6 5. Nc3 e5 6. Ndb5 d6 7. Nd5 Nxd5 8.
exd5 Ne7 9. c4 Nf5 10. Bd3 g6 11. O-O Bg7 12. Qa4 O-O 13. Qa3 Re8 14. Bxf5 Bxf5
15. Nxd6 Bf8 16. c5 Bxd6 17. cxd6 Qf6 18. Bd2 Red8 19. Bb4 a5 20. Bc5 b6 21.
Bxb6 Rxd6 22. Bxa5 Rxd5 23. b4 Bd3 24. Rfc1 e4 25. Qc3 Qh4 26. Qc6 Raxa5 27.
bxa5 Rg5 28. g3 Be2 29. a6 Bf3 30. Qc8+ Kg7 31. a7 e3 32. a8=Q exf2+ 33. Kf1
1-0

[Event "17. Europa ch Juvenil - Masculino s14"]
[Site "Sibenik CRO"]
[Date "2007.09.21"]
[Round "8.4"]
[White "Popilski, Gil"]
[Black "Stukopin, Andrey"]
[Result "1-0"]
[WhiteElo "2193"]
[BlackElo "2349"]
[PlyCount "51"]
[EventDate "2007.09.14"]
[EventType "swiss"]
[EventRounds "9"]
[EventCountry "CRO"]
[Source "lmi"]
[SourceDate "2007.09.14"]

1. e4 c5 2. Nf3 e6 3. d4 cxd4 4. Nxd4 a6 5. Bd3 Qc7 6. O-O Nf6 7. Qe2 d6 8. c4
Be7 9. Nc3 b6 10. f4 Bb7 11. Kh1 Nc6 12. Nxc6 Bxc6 13. Bd2 Nd7 14. Rae1 Bb7 15.
b3 O-O 16. e5 Rad8 17. Bb1 Qc6 18. exd6 Qxd6 19. f5 exf5 20. Bf4 Qc6 21. Nd5
Bd6 22. Bxf5 Nc5 23. Qh5 h6 24. Bxh6 Rfe8 25. Nf6+ Kf8 26. Bxg7+ 1-0

[Event "17. Europa ch Juvenil - Masculino s14"]
[Site "Sibenik CRO"]
[Date "2007.09.21"]
[Round "8.5"]
[White "Ter-Sahakyan, Samvel"]
[Black "Meskovs, Nikita"]
[Result "1-0"]
[WhiteElo "2343"]
[BlackElo "2036"]
[PlyCount "61"]
[EventDate "2007.09.14"]
[EventType "swiss"]
[EventRounds "9"]
[EventCountry "CRO"]
[Source "lmi"]
[SourceDate "2007.09.14"]

1. e4 c5 2. Nf3 e6 3. d4 cxd4 4. Nxd4 a6 5. Bd3 Bc5 6. Nb3 Be7 7. Qg4 g6 8. Qe2
d6 9. Nc3 Nd7 10. O-O Qc7 11. Bd2 b6 12. f4 Bb7 13. Rae1 Ngf6 14. e5 Nh5 15.
exd6 Bxd6 16. Ne4 Be7 17. f5 gxf5 18. Qxh5 Bxe4 19. Bc3 Bxd3 20. cxd3 O-O 21.
Rxf5 f6 22. Rxe6 Rf7 23. Re4 Nf8 24. Qf3 Qd8 25. h4 Ra7 26. h5 Rd7 27. Rg4+ Kh8
28. Rfg5 Ne6 29. Rg8+ Qxg8 30. Rxg8+ Kxg8 31. Qg4+ 1-0

[Event "17. Europa ch Juvenil - Masculino s14"]
[Site "Sibenik CRO"]
[Date "2007.09.21"]
[Round "8.6"]
[White "Dragomirescu, Robin-Alexandru"]
[Black "Plat, Vojtech"]
[Result "1/2-1/2"]
[WhiteElo "2189"]
[BlackElo "2279"]
[PlyCount "60"]
[EventDate "2007.09.14"]
[EventType "swiss"]
[EventRounds "9"]
[EventCountry "CRO"]
[Source "lmi"]
[SourceDate "2007.09.14"]

1. e4 c5 2. Nf3 Nc6 3. d4 cxd4 4. Nxd4 g6 5. Bc4 Bg7 6. Be3 Nf6 7. Nc3 O-O 8.
Be2 b6 9. Nxc6 dxc6 10. O-O Qxd1 11. Raxd1 Be6 12. h3 Ne8 13. Bd4 Nd6 14. b3
Bxd4 15. Rxd4 Rfe8 16. f4 Rad8 17. Rfd1 Nb7 18. Rxd8 Rxd8 19. Rxd8+ Nxd8 20. e5
f6 21. exf6 exf6 22. Bf3 Kf7 23. Kf2 Ke7 24. Ke3 f5 25. Kd3 Bd7 26. g3 Kd6 27.
Ne2 Ne6 28. Nd4 Nc5+ 29. Ke3 Ne6 30. Nxe6 Bxe6 1/2-1/2

[Event "17. Europa ch Juvenil - Masculino s14"]
[Site "Sibenik CRO"]
[Date "2007.09.21"]
[Round "8.7"]
[White "Kanarek, Marcel"]
[Black "Aghasaryan, Robert"]
[Result "0-1"]
[WhiteElo "2226"]
[BlackElo "2198"]
[PlyCount "84"]
[EventDate "2007.09.14"]
[EventType "swiss"]
[EventRounds "9"]
[EventCountry "CRO"]
[Source "lmi"]
[SourceDate "2007.09.14"]

1. e4 c5 2. Nf3 e6 3. d4 cxd4 4. Nxd4 Nf6 5. Nc3 d6 6. g4 h6 7. h3 Nc6 8. Be3
Bd7 9. f4 Be7 10. Qd2 a6 11. Bg2 Qc7 12. g5 hxg5 13. fxg5 Nh5 14. Nxc6 Bxc6 15.
O-O-O O-O-O 16. Qd4 f5 17. Qc4 e5 18. Rhe1 f4 19. Bb6 Qxb6 20. Nd5 Qb5 21.
Nxe7+ Kc7 22. Qe6 Rd7 23. Nf5 Qc5 24. Rd2 f3 25. Bxf3 Nf4 26. Nxg7 Rxg7 27. Qf6
Rhh7 28. Red1 Rf7 29. Qxd6+ Qxd6 30. Rxd6 Rxh3 31. g6 Rg7 32. Bg4 Rg3 33. Bf5
Be8 34. Rd8 Bxg6 35. Rc8+ Kb6 36. Rd6+ Ka7 37. Rc5 Bxf5 38. exf5 e4 39. f6 e3
40. c3 Rg1+ 41. Kc2 e2 42. Re5 Rf7 0-1

[Event "17. Europa ch Juvenil - Masculino s14"]
[Site "Sibenik CRO"]
[Date "2007.09.21"]
[Round "8.8"]
[White "Arribas Lopez, Angel"]
[Black "Rzayev, Bahruz"]
[Result "1-0"]
[WhiteElo "2292"]
[BlackElo "2073"]
[PlyCount "81"]
[EventDate "2007.09.14"]
[EventType "swiss"]
[EventRounds "9"]
[EventCountry "CRO"]
[Source "lmi"]
[SourceDate "2007.09.14"]

1. Nf3 f5 2. g3 Nf6 3. Bg2 e6 4. O-O d5 5. d3 Bd6 6. Nbd2 O-O 7. Re1 Bc5 8. Nb3
Bd6 9. Bf4 Bxf4 10. gxf4 Nbd7 11. c4 dxc4 12. dxc4 Ne4 13. Qc2 Qe7 14. Nbd2
Nxd2 15. Qxd2 c6 16. Qc3 Qf6 17. Rac1 Nc5 18. Ne5 Nd7 19. Nf3 Nc5 20. Qa3 Ne4
21. Ne5 Qh4 22. Qe3 Nf6 23. Qg3 Qh6 24. e3 Bd7 25. Rcd1 Rad8 26. Rd6 Bc8 27.
Red1 Rxd6 28. Rxd6 Ne8 29. Rd2 Qf6 30. Qg5 h6 31. Qh5 Nc7 32. Qd1 Na6 33. a3
Nb8 34. Bf3 g5 35. Bh5 g4 36. f3 gxf3 37. Qxf3 Kh7 38. Bg6+ Kh8 39. Qh5 Qg7 40.
Rg2 Kg8 41. Bf7+ 1-0

[Event "17. Europa ch Juvenil - Masculino s14"]
[Site "Sibenik CRO"]
[Date "2007.09.21"]
[Round "8.9"]
[White "Graf, Felix"]
[Black "Kantans, Toms"]
[Result "1/2-1/2"]
[WhiteElo "2273"]
[BlackElo "1928"]
[PlyCount "54"]
[EventDate "2007.09.14"]
[EventType "swiss"]
[EventRounds "9"]
[EventCountry "CRO"]
[Source "lmi"]
[SourceDate "2007.09.14"]

1. d4 e6 2. c4 b6 3. Nf3 Bb7 4. a3 f5 5. Nc3 Nf6 6. d5 Bd6 7. Nb5 Qe7 8. dxe6
dxe6 9. Nxd6+ Qxd6 10. Qxd6 cxd6 11. Nd4 Ke7 12. f3 Nbd7 13. Bg5 h6 14. Bh4 g5
15. Bf2 Rhc8 16. e3 Ne5 17. b3 d5 18. Bg3 Nf7 19. h4 g4 20. Be2 Nh5 21. Kf2
Nxg3 22. Kxg3 gxf3 23. gxf3 Ne5 24. cxd5 Bxd5 25. Rhc1 Rc6 26. Nxc6+ Nxc6 27.
Rxc6 Bxc6 1/2-1/2

[Event "17. Europa ch Juvenil - Masculino s14"]
[Site "Sibenik CRO"]
[Date "2007.09.21"]
[Round "8.10"]
[White "Petenyi, Tamas"]
[Black "Laurusas, Tomas"]
[Result "1-0"]
[WhiteElo "2180"]
[BlackElo "1888"]
[PlyCount "103"]
[EventDate "2007.09.14"]
[EventType "swiss"]
[EventRounds "9"]
[EventCountry "CRO"]
[Source "lmi"]
[SourceDate "2007.09.14"]

1. e4 c5 2. Nf3 e6 3. d4 cxd4 4. Nxd4 a6 5. Bd3 Bc5 6. Nb3 Ba7 7. a4 Nc6 8. Nc3
Nge7 9. Qe2 O-O 10. Be3 Bxe3 11. Qxe3 b6 12. O-O Bb7 13. e5 Qc7 14. Rfe1 Nb4
15. Rac1 Rad8 16. Qf4 Nbd5 17. Qh4 g6 18. Nxd5 Nxd5 19. c4 Nb4 20. Bb1 d6 21.
c5 Qc6 22. Be4 d5 23. Bb1 d4 24. Be4 Nd5 25. Nxd4 Qxa4 26. Nf3 Kg7 27. c6 Bc8
28. Ng5 h6 29. Nxf7 Rxf7 30. Qxd8 Rf8 31. Qd6 Nf4 32. Rcd1 Qc4 33. Qd2 Qb5 34.
Kh1 Qxe5 35. Qd4 Qxd4 36. Rxd4 e5 37. Rd6 Rf6 38. Rd8 Rf8 39. Red1 Ne6 40. Rxf8
Kxf8 41. Bxg6 Nd4 42. Be4 Ke7 43. f4 Bg4 44. Rd3 Kf6 45. Kg1 Ne2+ 46. Kf2 Nxf4
47. Rd6+ Kg7 48. c7 Nh5 49. Bb7 Nf6 50. Rxb6 e4 51. c8=Q e3+ 52. Ke1 1-0

[Event "17. Europa ch Juvenil - Masculino s14"]
[Site "Sibenik CRO"]
[Date "2007.09.21"]
[Round "8.11"]
[White "Vlasak, Lukas"]
[Black "Iljiushenok, Ilia"]
[Result "1-0"]
[WhiteElo "2059"]
[BlackElo "2157"]
[PlyCount "121"]
[EventDate "2007.09.14"]
[EventType "swiss"]
[EventRounds "9"]
[EventCountry "CRO"]
[Source "lmi"]
[SourceDate "2007.09.14"]

1. e4 e6 2. d4 d5 3. e5 c5 4. c3 Qb6 5. Nf3 Bd7 6. a3 cxd4 7. cxd4 Bb5 8. Bxb5+
Qxb5 9. Nc3 Qa6 10. Qe2 Qxe2+ 11. Kxe2 Nc6 12. Bd2 Nge7 13. b4 Kd7 14. Rhc1 Nc8
15. Na4 b5 16. Nc5+ Bxc5 17. Rxc5 a6 18. Rac1 N8a7 19. Kd3 h6 20. Ne1 Rhc8 21.
f4 Nd8 22. g4 Nb7 23. Rxc8 Nxc8 24. f5 Nb6 25. Nc2 Nc4 26. h4 Rc8 27. h5 Rg8
28. Rf1 Nd8 29. Bc1 Ke8 30. Ne3 Nxe3 31. Bxe3 Kd7 32. Rg1 Rh8 33. Ke2 Ke8 34.
Kf3 Rh7 35. a4 Nc6 36. axb5 axb5 37. Ra1 Kd7 38. Ra8 Nxb4 39. Ra7+ Ke8 40. Rb7
Nc6 41. Rxb5 g6 42. Rb6 Nd8 43. hxg6 fxg6 44. fxg6 Rg7 45. Bxh6 Rxg6 46. Bd2
Nf7 47. Rb8+ Kd7 48. Rf8 Rg7 49. Ra8 Rg6 50. Kg3 Nd8 51. Kh4 Nf7 52. Ra7+ Ke8
53. Kh5 Rg7 54. g5 Rh7+ 55. Kg6 Rh2 56. Bf4 Nh8+ 57. Kg7 Rf2 58. Kxh8 Rxf4 59.
g6 Rxd4 60. Rh7 Rg4 61. g7 1-0

[Event "17. Europa ch Juvenil - Masculino s14"]
[Site "Sibenik CRO"]
[Date "2007.09.21"]
[Round "8.12"]
[White "Stella, Andrea"]
[Black "Urkedal, Frode"]
[Result "1/2-1/2"]
[WhiteElo "2132"]
[BlackElo "2235"]
[PlyCount "93"]
[EventDate "2007.09.14"]
[EventType "swiss"]
[EventRounds "9"]
[EventCountry "CRO"]
[Source "lmi"]
[SourceDate "2007.09.14"]

1. d4 Nf6 2. c4 e6 3. Nf3 b6 4. g3 Bb7 5. Bg2 c5 6. d5 exd5 7. Nh4 g6 8. cxd5
Bg7 9. Nc3 O-O 10. O-O d6 11. Bf4 Na6 12. e4 Nc7 13. a4 a6 14. Qb3 Nce8 15. h3
Rb8 16. Be3 Nc7 17. Rad1 b5 18. f4 Re8 19. e5 dxe5 20. Bxc5 exf4 21. Rxf4 Nh5
22. Rf3 Nxg3 23. Nxg6 hxg6 24. Rxg3 Qh4 25. Rg4 Re1+ 26. Rxe1 Qxe1+ 27. Bf1
Bxc3 28. Qxc3 Qxc3 29. bxc3 Nxd5 30. axb5 axb5 31. Bd4 Bc6 32. Rh4 f6 33. c4
bxc4 34. Bxc4 Kg7 35. Bxd5 Bxd5 36. Rf4 Rf8 37. h4 Be6 38. Kf2 Bf5 39. h5 Rd8
40. hxg6 Kxg6 41. Be3 Ra8 42. Rd4 Ra2+ 43. Rd2 Ra3 44. Rd6 Be4 45. Bd4 Rf3+ 46.
Ke2 Kg5 47. Rxf6 1/2-1/2

[Event "17. Europa ch Juvenil - Masculino s14"]
[Site "Sibenik CRO"]
[Date "2007.09.21"]
[Round "8.13"]
[White "Manoeuvre, Antoine"]
[Black "Gretarsson, Hjorvar Stein"]
[Result "0-1"]
[WhiteElo "2101"]
[BlackElo "2168"]
[PlyCount "80"]
[EventDate "2007.09.14"]
[EventType "swiss"]
[EventRounds "9"]
[EventCountry "CRO"]
[Source "lmi"]
[SourceDate "2007.09.14"]

1. d4 d5 2. c4 c6 3. Nf3 Nf6 4. e3 e6 5. Nc3 Nbd7 6. Bd3 dxc4 7. Bxc4 b5 8. Bd3
Bb7 9. O-O a6 10. e4 c5 11. d5 Qc7 12. dxe6 fxe6 13. Qe2 c4 14. Bc2 Bd6 15. Re1
Bc5 16. Bg5 O-O 17. Be3 Ng4 18. Bxc5 Nxc5 19. h3 Ne5 20. Nxe5 Qxe5 21. a3 Bc6
22. Qe3 Rac8 23. Rf1 Rcd8 24. Rad1 Rxd1 25. Rxd1 a5 26. g3 b4 27. f4 Qh5 28. g4
Qh4 29. Ne2 Ba4 30. Bxa4 Nxa4 31. axb4 axb4 32. b3 cxb3 33. Qxb3 Nc3 34. Nxc3
Qg3+ 35. Kh1 Qxh3+ 36. Kg1 Qxg4+ 37. Kf2 Rxf4+ 38. Ke3 Qf3+ 39. Kd4 Rxe4+ 40.
Kc5 Qxc3+ 0-1

[Event "17. Europa ch Juvenil - Masculino s14"]
[Site "Sibenik CRO"]
[Date "2007.09.21"]
[Round "8.15"]
[White "Nestorovic, Lazar"]
[Black "Raznikov, Danny"]
[Result "1/2-1/2"]
[WhiteElo "2086"]
[BlackElo "2154"]
[PlyCount "92"]
[EventDate "2007.09.14"]
[EventType "swiss"]
[EventRounds "9"]
[EventCountry "CRO"]
[Source "lmi"]
[SourceDate "2007.09.14"]

1. e4 c5 2. Nf3 d6 3. d4 cxd4 4. Nxd4 Nf6 5. Nc3 a6 6. f3 e5 7. Nb3 Be6 8. Bg5
Be7 9. Qd2 Nbd7 10. O-O-O O-O 11. Kb1 b5 12. h4 Qb6 13. Be3 Qb7 14. g4 b4 15.
Nd5 Bxd5 16. exd5 a5 17. h5 Nb6 18. Bxb6 Qxb6 19. g5 Nd7 20. g6 h6 21. gxf7+
Rxf7 22. Bh3 a4 23. Nc1 Bg5 24. Qe2 Kh8 25. Be6 Re7 26. Nd3 Nf8 27. Bf5 Rc7 28.
Qe4 Rb8 29. Rhg1 Be3 30. Rg2 b3 31. cxb3 axb3 32. a3 Rc2 33. Ne1 Rxg2 34. Nxg2
Bd4 35. Qd3 Qc5 36. Be4 Nd7 37. Rc1 Qa7 38. Qe2 Nc5 39. Nh4 Qf7 40. Nf5 Qf6 41.
Qg2 Na4 42. Rc7 Bxb2 43. Ra7 Nc3+ 44. Kxb2 Nd1+ 45. Kb1 Nc3+ 46. Kb2 Nd1+
1/2-1/2

[Event "17. Europa ch Juvenil - Masculino s14"]
[Site "Sibenik CRO"]
[Date "2007.09.21"]
[Round "8.16"]
[White "Toropov, Pavel"]
[Black "Nikolashvili, Giorgi"]
[Result "0-1"]
[WhiteElo "2153"]
[BlackElo "2103"]
[PlyCount "128"]
[EventDate "2007.09.14"]
[EventType "swiss"]
[EventRounds "9"]
[EventCountry "CRO"]
[Source "lmi"]
[SourceDate "2007.09.14"]

1. d4 Nf6 2. c4 e6 3. Nf3 c5 4. e3 d5 5. Nc3 Nc6 6. cxd5 exd5 7. Bb5 Be7 8.
dxc5 O-O 9. O-O Bxc5 10. a3 a6 11. Be2 Bg4 12. b4 Ba7 13. Bb2 Rc8 14. Rc1 b5
15. h3 Bh5 16. Rc2 Qd6 17. Rd2 Rfd8 18. Qb3 Bb8 19. Rfd1 Ne7 20. e4 Bxf3 21.
Bxf3 Qh2+ 22. Kf1 Ng6 23. Ne2 Qh1+ 24. Ng1 Bh2 25. g3 Qxg1+ 26. Ke2 Nf4+ 27.
gxf4 Qg6 28. Qe3 Qh6 29. Be5 Re8 30. Rh1 dxe4 31. Bg2 Qh5+ 32. f3 Rxe5 33. fxe5
Qxe5 34. Rhd1 Re8 35. fxe4 Bf4 36. Qd4 Qh5+ 37. Bf3 Qxh3 38. Rd3 Qe6 39. Kf1
Be5 40. Qf2 Bc7 41. Qc5 Be5 42. Rd8 g5 43. Rxe8+ Qxe8 44. Qb6 Kg7 45. Qxa6 g4
46. Bg2 Nh5 47. Kg1 Nf4 48. Bf1 Bc7 49. Qxb5 Nh3+ 50. Kh1 Qxb5 51. Bxb5 Nf2+
52. Kg2 Nxd1 53. Bd7 h5 54. a4 Bd6 55. b5 Bc7 56. e5 Kg6 57. e6 fxe6 58. Bxe6
Nc3 59. Bb3 Kg5 60. Kf2 Kf4 61. Ke1 g3 62. Kf1 Kf3 63. a5 g2+ 64. Kg1 Ne2# 0-1

[Event "17. Europa ch Juvenil - Masculino s14"]
[Site "Sibenik CRO"]
[Date "2007.09.21"]
[Round "8.17"]
[White "Sen, Subin"]
[Black "Urjubdshzirov, Erdni"]
[Result "1/2-1/2"]
[WhiteElo "2045"]
[BlackElo "2220"]
[PlyCount "63"]
[EventDate "2007.09.14"]
[EventType "swiss"]
[EventRounds "9"]
[EventCountry "CRO"]
[Source "lmi"]
[SourceDate "2007.09.14"]

1. d4 Nf6 2. c4 e6 3. Nf3 b6 4. g3 Ba6 5. Qc2 Bb4+ 6. Bd2 Be7 7. Bg2 d5 8. cxd5
exd5 9. Nc3 O-O 10. O-O c5 11. Rfd1 Nbd7 12. Rac1 Bb7 13. Bf4 a6 14. dxc5 Bxc5
15. Nd4 b5 16. Nb3 Rc8 17. Nxc5 Nxc5 18. Qd2 Ne6 19. e3 Qb6 20. Be5 Ne4 21.
Nxe4 dxe4 22. Rxc8 Rxc8 23. Qd6 Qxd6 24. Rxd6 Rc1+ 25. Bf1 h6 26. h4 Nc5 27.
Bc3 Kh7 28. Kg2 Na4 29. Bd4 Nc5 30. Bc3 Rc2 31. Rd2 Rc1 32. Rd6 1/2-1/2

[Event "17. Europa ch Juvenil - Masculino s14"]
[Site "Sibenik CRO"]
[Date "2007.09.21"]
[Round "8.18"]
[White "Colon Garcia, Enrique"]
[Black "Lagarde, Maxime"]
[Result "0-1"]
[WhiteElo "2041"]
[BlackElo "2200"]
[PlyCount "58"]
[EventDate "2007.09.14"]
[EventType "swiss"]
[EventRounds "9"]
[EventCountry "CRO"]
[Source "lmi"]
[SourceDate "2007.09.14"]

1. Nf3 c5 2. c4 Nf6 3. g3 d5 4. cxd5 Nxd5 5. Bg2 Nc6 6. O-O e5 7. Nc3 Nc7 8. a3
Be7 9. b4 O-O 10. bxc5 Na6 11. Na4 e4 12. Ne1 f5 13. Bb2 Nxc5 14. Nxc5 Bxc5 15.
Qb3+ Kh8 16. d3 Qe7 17. Rc1 Be6 18. Qc2 Bxa3 19. dxe4 Rac8 20. Qb1 fxe4 21.
Bxe4 Nd4 22. Rxc8 Nxe2+ 23. Kg2 Rxc8 24. Bxa3 Qxa3 25. f3 Nc3 26. Qd3 Qa5 27.
Bxh7 Rd8 28. Qc2 Nd1 29. Qe4 Qh5 0-1

[Event "17. Europa ch Juvenil - Masculino s14"]
[Site "Sibenik CRO"]
[Date "2007.09.21"]
[Round "8.19"]
[White "Kovalev, Vladislav"]
[Black "Tomazini, Aljosa"]
[Result "1-0"]
[WhiteElo "2154"]
[BlackElo "1989"]
[PlyCount "97"]
[EventDate "2007.09.14"]
[EventType "swiss"]
[EventRounds "9"]
[EventCountry "CRO"]
[Source "lmi"]
[SourceDate "2007.09.14"]

1. e4 d5 2. exd5 Qxd5 3. Nc3 Qa5 4. d4 Nf6 5. Bc4 Bg4 6. Nge2 Nbd7 7. f3 Bf5 8.
Bf4 e6 9. Qd2 c6 10. O-O b5 11. Bd3 Bxd3 12. Qxd3 Be7 13. Ne4 O-O 14. Bg5 Rfe8
15. Bd2 Qb6 16. a4 a5 17. Kh1 Red8 18. axb5 cxb5 19. N2c3 b4 20. Na4 Qb7 21.
Qe2 Qd5 22. c3 Rab8 23. Bf4 Rb7 24. Rfd1 Rc8 25. Nec5 Nxc5 26. dxc5 Qc6 27. Bd6
Bd8 28. c4 h6 29. b3 Ne8 30. Rd3 Rd7 31. Rad1 Bc7 32. Bxc7 Rdxc7 33. Qd2 Rb8
34. Rd8 Rbc8 35. Rxc8 Rxc8 36. Qd7 Kf8 37. Qd4 Nf6 38. Kg1 Ke7 39. Nb6 Rb8 40.
Qe5 Rb7 41. Rd6 Qc7 42. c6 Qxb6+ 43. c5 Qa6 44. cxb7 Qxb7 45. h3 Nd7 46. c6
Qb6+ 47. Qd4 Nc5 48. Kh1 Qc7 49. Qxc5 1-0

[Event "17. Europa ch Juvenil - Masculino s14"]
[Site "Sibenik CRO"]
[Date "2007.09.21"]
[Round "8.20"]
[White "Szabo, Bence"]
[Black "Filipovic, Ivan"]
[Result "1-0"]
[WhiteElo "2131"]
[BlackElo "1983"]
[PlyCount "95"]
[EventDate "2007.09.14"]
[EventType "swiss"]
[EventRounds "9"]
[EventCountry "CRO"]
[Source "lmi"]
[SourceDate "2007.09.14"]

1. d4 d5 2. c4 c6 3. e3 e6 4. Nc3 Nf6 5. Nf3 Nbd7 6. Bd3 dxc4 7. Bxc4 b5 8. Bd3
a6 9. O-O c5 10. e4 cxd4 11. Nxd4 Ne5 12. Bc2 Bb7 13. Bg5 h6 14. Bh4 Ng6 15.
Bg3 b4 16. e5 Nxe5 17. Bxe5 bxc3 18. Ba4+ Nd7 19. bxc3 Qe7 20. Qb3 O-O-O 21.
Bg3 Qa3 22. Nc6 Bxc6 23. Bxc6 Qxb3 24. axb3 Nb8 25. Bxb8 Kxb8 26. Rxa6 Rd3 27.
Rc1 g6 28. Be4 Rd2 29. Ra8+ Kc7 30. Ra7+ Kb6 31. Rxf7 Ba3 32. Rf1 g5 33. h3 Rc8
34. Rb7+ Kc5 35. c4 Bb2 36. Rh7 Bd4 37. Rxh6 Rf8 38. Bf3 e5 39. Rg6 e4 40.
Rxg5+ Kb4 41. Rb5+ Kc3 42. Bxe4 Bxf2+ 43. Kh1 Bg3 44. Bf3 Rb2 45. c5 Rd8 46. c6
Rdd2 47. Rc5+ Kxb3 48. c7 1-0

[Event "17. Europa ch Juvenil - Masculino s14"]
[Site "Sibenik CRO"]
[Date "2007.09.21"]
[Round "8.21"]
[White "Aghayev, Miragha"]
[Black "Dubessay, Bastien"]
[Result "1-0"]
[WhiteElo "1923"]
[BlackElo "2117"]
[PlyCount "51"]
[EventDate "2007.09.14"]
[EventType "swiss"]
[EventRounds "9"]
[EventCountry "CRO"]
[Source "lmi"]
[SourceDate "2007.09.14"]

1. c4 g6 2. d4 Nf6 3. Nc3 Bg7 4. e4 d6 5. Nf3 O-O 6. Be2 e5 7. dxe5 dxe5 8.
Qxd8 Rxd8 9. Bg5 c6 10. Nxe5 Re8 11. O-O-O Na6 12. Nf3 Nc5 13. Nd2 Ng4 14. Bxg4
Bxg4 15. f3 Be6 16. Be3 Nd3+ 17. Kc2 Red8 18. a3 Nxb2 19. Kxb2 Rd3 20. Ndb1
Rxe3 21. Kc2 Bxc4 22. Rd7 Be6 23. Rxb7 Bd4 24. Rd1 c5 25. Nd5 Rd8 26. Nxe3 1-0

[Event "17. Europa ch Juvenil - Masculino s14"]
[Site "Sibenik CRO"]
[Date "2007.09.23"]
[Round "9.1"]
[White "Ter-Sahakyan, Samvel"]
[Black "Sjugirov, Sanan"]
[Result "0-1"]
[WhiteElo "2343"]
[BlackElo "2407"]
[PlyCount "92"]
[EventDate "2007.09.14"]
[EventType "swiss"]
[EventRounds "9"]
[EventCountry "CRO"]
[Source "lmi"]
[SourceDate "2007.09.14"]

1. e4 d6 2. Nf3 Nf6 3. Nc3 e5 4. d4 Nbd7 5. Bc4 Be7 6. O-O O-O 7. h3 c6 8. a4
b6 9. Qe2 Bb7 10. Ba2 Qc7 11. Be3 a6 12. dxe5 dxe5 13. Nh4 b5 14. Nf5 Bb4 15.
Qf3 g6 16. Bh6 Rfe8 17. Rad1 Rad8 18. Ne2 Bf8 19. Bxf8 Rxf8 20. Nd6 Kg7 21. Qc3
c5 22. axb5 axb5 23. Ng3 b4 24. Qe3 Ba6 25. Rfe1 c4 26. Qg5 Kh8 27. f4 Rb8 28.
Kh1 Qc5 29. Rf1 b3 30. fxe5 bxa2 31. Rxf6 Qxe5 32. Qxe5 Nxe5 33. Nxf7+ Rxf7 34.
Rxa6 Rxb2 35. Rd8+ Kg7 36. Rda8 Rf2 37. R8a7+ Kh6 38. Nf5+ Kg5 39. Nd4 Rd2 40.
Ne6+ Kh4 41. Ra3 c3 42. Rxc3 Rd7 43. Ra5 Rb1+ 44. Kh2 a1=Q 45. g3+ Kh5 46.
Rxe5+ Kh6 0-1

[Event "17. Europa ch Juvenil - Masculino s14"]
[Site "Sibenik CRO"]
[Date "2007.09.23"]
[Round "9.2"]
[White "Swiercz, Dariusz"]
[Black "Zherebukh, Yaroslav"]
[Result "1-0"]
[WhiteElo "2281"]
[BlackElo "2418"]
[PlyCount "89"]
[EventDate "2007.09.14"]
[EventType "swiss"]
[EventRounds "9"]
[EventCountry "CRO"]
[Source "lmi"]
[SourceDate "2007.09.14"]

1. Nf3 c5 2. c4 Nf6 3. d4 cxd4 4. Nxd4 Nc6 5. Nc3 e6 6. a3 Nxd4 7. Qxd4 b6 8.
Qf4 Bb7 9. e4 d6 10. Bd3 Nd7 11. Qg3 Ne5 12. O-O Rc8 13. b3 g6 14. Bb2 Bg7 15.
Rad1 O-O 16. Bb1 Qe7 17. Rfe1 Rcd8 18. a4 g5 19. Ba3 a6 20. Ne2 Kh8 21. Qe3 b5
22. axb5 axb5 23. cxb5 Rg8 24. Ng3 Ng4 25. Qe2 Ne5 26. Qe3 Bf8 27. Nh5 g4 28.
Qf4 Qh4 29. Qf6+ Qxf6 30. Nxf6 Rg6 31. Bb2 Rg5 32. Nxg4 Rxg4 33. Bxe5+ Kg8 34.
f3 Rg6 35. Bg3 d5 36. exd5 Rxg3 37. hxg3 Bc5+ 38. Kh2 exd5 39. Bf5 Rd6 40. Re8+
Kg7 41. g4 Rb6 42. Bc8 Bf2 43. g3 Bxc8 44. Rxc8 Rxb5 45. Kg2 1-0